Größte nicht Hauptstädte von Deutschland - Statistiken

Allgemein
  • Dieses Quiz wurde 354 mal gespielt
    315 seit der letzten Aktualisierung
  • Das Durchschnittsergebnis liegt bei 11 aus 14
Antwortstatistiken
Bundesland Stadt % Korrekt
Bremen Bremerhaven
97%
Bayern Nürnberg
97%
Nordrhein-Westfallen Köln
95%
Hessen Frankfurt
94%
Sachsen Leipzig
93%
Mecklenburg-Vorpommern Rostock
89%
Baden-Württemberg Karlsruhe
86%
Thüringen Jena
83%
Niedersachsen Braunschweig
81%
Schleswig-Holstein Lübeck
77%
Sachsen-Anhalt Halle
76%
Brandenburg Cottbus
69%
Rheinland-Pfalz Ludwigshafen
60%
Saarland Neunkirchen
53%
Keine übereinstimmenden Quizze gefunden
Verteilung der Resultate
Anzahl Personen mit jedem Resultat
Perzentil nach korrekt beantworteten Fragen
Ihre Resultats-Entwicklung
Sie haben dieses Quiz seit der letzten Aktualisierung nicht gespielt